[Event "Nuremberg Zabo op 23rd"]
[Site "Nuremberg"]
[Date "2023.09.16"]
[Round "2"]
[White "Lapehn, Klaus"]
[Black "Dettmer, Niels"]
[Result "1/2-1/2"]
[WhiteElo "1637"]
[BlackElo "1718"]
[PlyCount "37"]
[EventDate "2023.09.15"]
[EventType "swiss"]
[EventRounds "5"]
[EventCountry "GER"]
[SourceTitle "EXT 2024"]
[Source "ChessBase"]
[SourceDate "2023.10.10"]
[SourceVersion "1"]
[SourceVersionDate "2023.10.10"]
[SourceQuality "1"]

1. e4 c6 2. d4 d5 3. Nc3 dxe4 4. Nxe4 Bf5 5. Ng3 Bg6 6. Nf3 Nf6 7. h4 h6 8. Bd3 Bxd3 9. Qxd3 e6 10. Bd2 Nbd7 11. 0-0-0 Qc7 12. Ne4 0-0-0 13. g3 Nxe4 14. Qxe4 Nf6 15. Qe2 Bd6 16. Rhe1 Rhe8 17. Qc4 Nd5 18. Qa4 b6 19. Qa6+ 1/2-1/2

[Event "GER-ch Net blitz qual2"]
[Site "Playchess.com INT"]
[Date "2021.05.04"]
[Round "8"]
[White "Dettmer, Niels"]
[Black "Klemens, Peter"]
[Result "0-1"]
[WhiteElo "1728"]
[BlackElo "1621"]
[PlyCount "66"]
[EventDate "2021.05.04"]
[EventType "swiss (blitz)"]
[EventRounds "11"]
[EventCountry "GER"]
[SourceTitle "CBM 202 Extra"]
[Source "ChessBase"]
[SourceDate "2021.07.31"]
[SourceVersion "1"]
[SourceVersionDate "2021.07.31"]
[SourceQuality "1"]

1. d4 d5 2. Bf4 c6 3. c3 Nf6 4. e3 e6 5. Nf3 Bd6 6. Bxd6 Qxd6 7. Be2 Nbd7 8. 0-0 0-0 9. c4 a6 10. c5 Qe7 11. Nc3 e5 12. Qc2 e4 13. Nd2 Re8 14. h3 Nf8 15. b4 Ng6 16. Rfb1 Bd7 17. a4 Qd8 18. b5 axb5 19. axb5 Rxa1 20. Rxa1 h6 21. Ra7 Qc8 22. Qa4 Bxh3 23. gxh3 Qxh3 24. Qd1 Nh4 25. Qf1 Qf5 26. Rxb7 cxb5 27. Nxb5 Nf3+ 28. Nxf3 exf3 29. Bd1 Qg5+ 30. Kh1 Qh4+ 31. Kg1 Ng4 32. Qe1 Qh2+ 33. Kf1 Qh1# 0-1

[Event "Nuremberg Zabo op 20th"]
[Site "Nuremberg"]
[Date "2018.09.15"]
[Round "3"]
[White "Albayrak, Aylin"]
[Black "Dettmer, Niels"]
[Result "1-0"]
[WhiteElo "1620"]
[BlackElo "1761"]
[PlyCount "77"]
[EventDate "2018.09.15"]
[EventType "swiss"]
[EventRounds "5"]
[EventCountry "GER"]
[SourceTitle "EXT 2020"]
[Source "ChessBase"]
[SourceDate "2019.10.17"]
[SourceVersion "1"]
[SourceVersionDate "2019.10.17"]
[SourceQuality "1"]

1. d4 e6 2. c4 f5 3. Nc3 Nf6 4. Bg5 Be7 5. g3 0-0 6. Bg2 d6 7. Bxf6 Bxf6 8. e4 Nc6 9. Nf3 Qe8 10. 0-0 Qg6 11. exf5 Qxf5 12. d5 Nb4 13. Qb3 Nd3 14. Rad1 Nc5 15. Qa3 e5 16. b4 Nd7 17. Nb5 Bd8 18. Nd2 a6 19. c5 dxc5 20. bxc5 Nxc5 21. Nxc7 Bxc7 22. Qxc5 Qd7 23. Nc4 b6 24. Nxb6 Bxb6 25. Qxb6 Rf6 26. d6 Ra7 27. Rd2 Rf7 28. Bd5 Kf8 29. Bxf7 Kxf7 30. Re1 Rb7 31. Qc5 Rb5 32. Qc4+ Kf6 33. a4 Rb7 34. Qh4+ g5 35. Qh6+ Kf5 36. Rd5 Rb3 37. Rexe5+ Kg4 38. Qxg5+ Kf3 39. Qf4# 1-0

[Event "Niedersachsen-ch op-C"]
[Site "Verden"]
[Date "2017.01.07"]
[Round "5"]
[White "Dettmer, Niels"]
[Black "Walther, Jonas"]
[Result "1/2-1/2"]
[WhiteElo "1856"]
[BlackElo "1802"]
[PlyCount "45"]
[EventDate "2017.01.05"]
[EventType "swiss"]
[EventRounds "7"]
[EventCountry "GER"]
[SourceTitle "CBM 187 Extra"]
[Source "ChessBase"]
[SourceDate "2018.11.04"]
[SourceVersion "1"]
[SourceVersionDate "2018.11.04"]
[SourceQuality "1"]

1. d4 d5 2. Bf4 Nf6 3. e3 Bf5 4. Bd3 Bxd3 5. cxd3 e6 6. Qb3 b6 7. Nf3 Nh5 8. Bg5 f6 9. Bh4 g5 10. Bg3 Nxg3 11. hxg3 Nc6 12. Nc3 Qd7 13. Rc1 Be7 14. Qa4 Nb4 15. Qxd7+ Kxd7 16. Ke2 c5 17. a3 Na6 18. e4 g4 19. Nd2 cxd4 20. Nb5 dxe4 21. Nxe4 e5 22. Rh6 f5 23. Nf6+ 1/2-1/2

[Event "Niedersachsen-ch op-C"]
[Site "Verden"]
[Date "2017.01.05"]
[Round "2"]
[White "Pahl, Theis"]
[Black "Dettmer, Niels"]
[Result "1/2-1/2"]
[WhiteElo "1729"]
[BlackElo "1856"]
[PlyCount "55"]
[EventDate "2017.01.05"]
[EventType "swiss"]
[EventRounds "7"]
[EventCountry "GER"]
[SourceTitle "CBM 187 Extra"]
[Source "ChessBase"]
[SourceDate "2018.11.04"]
[SourceVersion "1"]
[SourceVersionDate "2018.11.04"]
[SourceQuality "1"]

1. e4 e6 2. d4 d5 3. Nc3 Bb4 4. e5 c5 5. a3 Bxc3+ 6. bxc3 c4 7. Qg4 g6 8. Bg5 Qc7 9. Nh3 Nd7 10. Be2 h6 11. Qh4 Nf8 12. 0-0 Rh7 13. Bc1 Qe7 14. Qg3 Bd7 15. a4 0-0-0 16. Ba3 Qe8 17. Bc5 Kb8 18. Rfb1 Bc6 19. Qe3 Ne7 20. g4 Nc8 21. a5 Nd7 22. Qc1 Nxc5 23. dxc5 a6 24. Bf3 Qe7 25. Qe3 Rg8 26. Nf4 Qg5 27. Kg2 Qe7 28. Ne2 1/2-1/2

[Event "Nuremberg Zabo op 18th"]
[Site "Nuremberg"]
[Date "2016.09.18"]
[Round "5"]
[White "Homfeldt, Claudia Laura"]
[Black "Dettmer, Niels"]
[Result "1/2-1/2"]
[WhiteElo "1379"]
[BlackElo "1742"]
[PlyCount "40"]
[EventDate "2016.09.16"]
[EventType "swiss"]
[EventRounds "5"]
[EventCountry "GER"]
[SourceTitle "EXT 2018"]
[Source "ChessBase"]
[SourceDate "2017.10.13"]
[SourceVersion "1"]
[SourceVersionDate "2017.10.13"]
[SourceQuality "1"]

1. e4 e6 2. Qe2 c5 3. g3 Nc6 4. Bg2 Be7 5. c3 Nf6 6. Nf3 d5 7. e5 Nd7 8. d4 cxd4 9. cxd4 Qa5+ 10. Nc3 b6 11. 0-0 Ba6 12. Qc2 Nb4 13. Qd1 Bxf1 14. Bxf1 a6 15. Bd2 b5 16. a3 Nc6 17. Nxd5 Qd8 18. Nxe7 Nxe7 19. Bb4 0-0 20. Ng5 h6 1/2-1/2

[Event "Nuremberg Zabo op 18th"]
[Site "Nuremberg"]
[Date "2016.09.17"]
[Round "3"]
[White "Barnowski, Roman"]
[Black "Dettmer, Niels"]
[Result "1/2-1/2"]
[WhiteElo "1378"]
[BlackElo "1742"]
[PlyCount "81"]
[EventDate "2016.09.16"]
[EventType "swiss"]
[EventRounds "5"]
[EventCountry "GER"]
[SourceTitle "EXT 2018"]
[Source "ChessBase"]
[SourceDate "2017.10.13"]
[SourceVersion "1"]
[SourceVersionDate "2017.10.13"]
[SourceQuality "1"]

1. c4 e5 2. g3 f5 3. Bg2 Nf6 4. e3 Nc6 5. Ne2 Be7 6. d4 e4 7. a3 0-0 8. b4 a6 9. Bb2 d5 10. c5 Qe8 11. Qb3 Qf7 12. f3 Be6 13. Nf4 Nd8 14. Nd2 g5 15. Nxe6 Qxe6 16. 0-0-0 c6 17. Rdf1 Kh8 18. fxe4 Nxe4 19. Nxe4 fxe4 20. Qd1 Nf7 21. h4 g4 22. Rf4 Nh6 23. Rxe4 Qd7 24. Rf4 Rxf4 25. exf4 Rg8 26. Bf1 Nf5 27. Qd3 Bf6 28. Rh2 h5 29. Re2 Rg7 30. Re1 Kg8 31. Bc3 Kf8 32. Qd2 Re7 33. Rxe7 Kxe7 34. Bg2 Qe6 35. Bh1 Kf7 36. Bg2 Ke7 37. Bh1 Kf7 38. Bb2 Ke7 39. Ba1 Kf7 40. Bc3 Ke7 41. a4 1/2-1/2

[Event "Nuremberg Zabo op 18th"]
[Site "Nuremberg"]
[Date "2016.09.17"]
[Round "2"]
[White "Dettmer, Niels"]
[Black "Hoffmann, Winfried"]
[Result "1/2-1/2"]
[WhiteElo "1742"]
[BlackElo "1444"]
[PlyCount "83"]
[EventDate "2016.09.16"]
[EventType "swiss"]
[EventRounds "5"]
[EventCountry "GER"]
[SourceTitle "EXT 2018"]
[Source "ChessBase"]
[SourceDate "2017.10.13"]
[SourceVersion "1"]
[SourceVersionDate "2017.10.13"]
[SourceQuality "1"]

1. d4 d5 2. Bf4 Nf6 3. e3 e6 4. Nf3 Be7 5. Bd3 0-0 6. Nbd2 b6 7. h3 Bb7 8. 0-0 Nbd7 9. Ne5 Nxe5 10. dxe5 Ne4 11. c3 Bg5 12. Nf3 Bxf4 13. exf4 h6 14. Qc2 f5 15. Nd4 Qe7 16. Rac1 Nc5 17. Be2 Rae8 18. Bh5 Rc8 19. g3 Kh7 20. Qd2 g6 21. Bf3 c6 22. Qe3 Ba6 23. Rfd1 Bb7 24. Kh2 Rg8 25. g4 Rcf8 26. gxf5 gxf5 27. Rg1 Rxg1 28. Rxg1 Rg8 29. Rg3 Rxg3 30. fxg3 Qg7 31. b4 Ne4 32. Bxe4 dxe4 33. Nxe6 Qg8 34. Nd4 Qxa2+ 35. Ne2 Ba6 36. g4 Bxe2 37. Kg3 Bf1 38. Kh4 Qg2 39. e6 Kg8 40. gxf5 Qf3 41. Qxf3 exf3 42. Kg3 1/2-1/2

[Event "Niedersachsen-ch op-B"]
[Site "Verden"]
[Date "2016.01.06"]
[Round "7"]
[White "Dettmer, Niels"]
[Black "Ewert, Stefan"]
[Result "1/2-1/2"]
[WhiteElo "1703"]
[BlackElo "1875"]
[PlyCount "29"]
[EventDate "2016.01.03"]
[EventType "swiss"]
[EventRounds "7"]
[EventCountry "GER"]
[SourceTitle "EXT 2018"]
[Source "ChessBase"]
[SourceDate "2017.10.13"]
[SourceVersion "1"]
[SourceVersionDate "2017.10.13"]
[SourceQuality "1"]

1. d4 d5 2. Bf4 c6 3. c3 Nf6 4. e3 g6 5. Bd3 Bg7 6. Nd2 Nbd7 7. Ngf3 Nh5 8. Bg3 Nxg3 9. hxg3 e5 10. dxe5 Nxe5 11. Nxe5 Bxe5 12. Nf3 Bg7 13. Qc2 Bd7 14. 0-0-0 Qa5 15. Rh4 1/2-1/2

[Event "Niedersachsen-ch op-B"]
[Site "Verden"]
[Date "2015.01.03"]
[Round "4"]
[White "Stelmaszyk, Nico"]
[Black "Dettmer, Niels"]
[Result "0-1"]
[WhiteElo "1504"]
[BlackElo "1650"]
[PlyCount "88"]
[EventDate "2015.01.02"]
[EventType "swiss"]
[EventRounds "7"]
[EventCountry "GER"]
[SourceTitle "EXT 2018"]
[Source "ChessBase"]
[SourceDate "2017.10.13"]
[SourceVersion "1"]
[SourceVersionDate "2017.10.13"]
[SourceQuality "1"]

1. e4 b6 2. Bc4 e6 3. Nc3 Bb7 4. d3 d5 5. exd5 exd5 6. Bb3 d4 7. Ne4 Bb4+ 8. c3 dxc3 9. Kf1 Bxe4 10. dxe4 Qxd1+ 11. Bxd1 Nf6 12. Bf3 c6 13. Ne2 cxb2 14. Bxb2 0-0 15. g3 Rd8 16. Kg2 Bc5 17. Rhd1 Na6 18. Nf4 Nc7 19. Nh5 Nxh5 20. Bxh5 Ne6 21. Rxd8+ Rxd8 22. Rd1 Bd4 23. Bc1 c5 24. f4 b5 25. f5 Nc7 26. Be3 b4 27. Bxd4 Rxd4 28. Rxd4 cxd4 29. Be2 Kf8 30. e5 Nd5 31. Bd3 Nc3 32. Bc4 d3 33. Bxd3 Nxa2 34. Kf2 Nc3 35. Ke3 a5 36. Bc2 a4 37. Kd3 a3 38. Bb3 a2 39. Bxa2 Nxa2 40. Kc4 Nc1 41. Kxb4 Nd3+ 42. Kc4 Nxe5+ 43. Kd5 Nf3 44. h4 Ke7 0-1

[Event "Niedersachsen-ch op-B"]
[Site "Verden"]
[Date "2015.01.02"]
[Round "1"]
[White "Dettmer, Niels"]
[Black "Colbow, Collin"]
[Result "1/2-1/2"]
[WhiteElo "1650"]
[BlackElo "1305"]
[PlyCount "46"]
[EventDate "2015.01.02"]
[EventType "swiss"]
[EventRounds "7"]
[EventCountry "GER"]
[SourceTitle "EXT 2018"]
[Source "ChessBase"]
[SourceDate "2017.10.13"]
[SourceVersion "1"]
[SourceVersionDate "2017.10.13"]
[SourceQuality "1"]

1. d4 d5 2. Bf4 e6 3. Nf3 Nf6 4. e3 Bb4+ 5. c3 Be7 6. Bd3 0-0 7. Nbd2 Nbd7 8. h3 b6 9. 0-0 Bb7 10. Qb1 c5 11. Ne5 h6 12. e4 Re8 13. Bb5 Rc8 14. exd5 exd5 15. Ndf3 a6 16. Bxd7 Nxd7 17. Qf5 Nf6 18. Nxf7 Kxf7 19. Ne5+ Kg8 20. Qe6+ Kh7 21. Qf5+ Kg8 22. Qe6+ Kh7 23. Qf5+ Kg8 1/2-1/2